Greater Anglia stations - Statistics

General Stats
  • This quiz has been taken 148 times
    54 since last reset
  • The average score is 46 of 144
Answer Stats
Answer % Correct
London Liverpool Street
94%
Ipswich
88%
Norwich
85%
Ely
82%
Shenfield
82%
Braintree
79%
Cambridge
79%
Colchester
79%
Chelmsford
76%
Stratford
76%
Peterborough
71%
Cambridge North
62%
Felixstowe
62%
Romford
59%
Southend Victoria
56%
Tottenham Hale
56%
Bishop's Stortford
53%
Bury St Edmunds
53%
Clacton-on-Sea
53%
Diss
53%
Great Yarmouth
53%
Manningtree
53%
Stowmarket
50%
Stansted Airport
47%
Witham
47%
Marks Tey
44%
Acle
41%
Berney Arms
41%
Broxbourne
41%
Cromer
41%
Ingatestone
41%
Lowestoft
41%
March
41%
Southend Airport
41%
Stansted Mountfitchet
41%
Attleborough
38%
Colchester Town
38%
Thetford
38%
Waterbeach
38%
Audley End
35%
Billericay
35%
Braintree Freeport
35%
Cheshunt
35%
Harlow Town
35%
Manea
35%
Newmarket
35%
Rayleigh
35%
Sudbury
35%
Walton-on-the-Naze
35%
Harwich International
32%
Harwich Town
32%
Rochford
32%
Sheringham
32%
Brundall
29%
Kelvedon
29%
Meridian Water
29%
Needham Market
29%
Prittlewell
29%
Roughton Road
29%
Seven Sisters
29%
Whittlesea
29%
Woodbridge
29%
Beaulieu Park
26%
Brundall Gardens
26%
Frinton-on-Sea
26%
Hackney Downs
26%
Lea Bridge
26%
Newport
26%
North Walsham
26%
Sawbridgeworth
26%
Southminster
26%
West Runton
26%
Whittlesford Parkway
26%
Wickford
26%
Wymondham
26%
Beccles
24%
Burnham-on-Crouch
24%
Cantley
24%
Cressing
24%
Elsenham
24%
Great Chesterford
24%
Harlow Mill
24%
Hatfield Peverel
24%
Hoveton & Wroxham
24%
Oulton Broad North
24%
Oulton Broad South
24%
Saxmundham
24%
Seven Kings
24%
Shelford
24%
Soham
24%
Thorpe-le-Soken
24%
Trimley
24%
Westerfield
24%
White Notley
24%
Wivenhoe
24%
Brandon
21%
Buckenham
21%
Derby Road
21%
Hockley
21%
Hythe
21%
Kennett
21%
Northumberland Park
21%
Ponders End
21%
Reedham
21%
Shippea Hill
21%
Thurston
21%
Ware
21%
Chappel & Wakes Colne
18%
Dovercourt
18%
Elmswell
18%
Enfield Lock
18%
Gunton
18%
Halesworth
18%
Lakenheath
18%
Melton
18%
Roydon
18%
Waltham Cross
18%
Wickham Market
18%
Battlesbridge
15%
Brimsdown
15%
Bures
15%
Darsham
15%
Dullingham
15%
Eccles Road
15%
Haddiscoe
15%
Hertford East
15%
Lingwood
15%
Mistley
15%
North Fambridge
15%
Rye House
15%
Salhouse
15%
South Woodham Ferrers
15%
Spooner Row
15%
St Margarets
15%
Alresford
12%
Althorne
12%
Brampton
12%
Great Bentley
12%
Harling Road
12%
Kirby Cross
12%
Somerleyton
12%
Weeley
12%
Worstead
12%
Wrabness
9%
No matching quizzes found
Score Distribution
Percent of People with Each Score
Percentile by Number Answered
Your Score History
You have not taken this quiz since the last reset